01026naa a2200205 a 450000100080000000500110000800800410001910000220006024501010008226000090018352004730019265300130066565300130067865300110069165300180070265300170072065300150073765300160075277300520076811238942015-05-14 2015 bl uuuu u00u1 u #d1 aBALDISSERA, I. T. aA aptid??o das terras catarinenses no Ano Internacional dos Solos - 2015.h[electronic resource] c2015 aArtigo trata da aptid??o agr??cola das terras catarinenses neste ano 2015 - ano internacional dos solos. Relata sobre as fun????es diretas e indiretas do solo e sobre o enquadramento das terras catarinenses em classes de aptid??o de uso desde as ??reas de terras aptas para cultivo com culturas anuais at?? ??quelas ??reas que devem ser mantidas como preserva????o permanente (APP). Apresenta as classes de mapeamento e uso da terra em todo o Pa??s segundo IBGE, 2010. aambiente aaptid??o aclasse aenquadramento aplanejamento aprodu????o auso do solo tO Cooperalfa, Chapec??gn. 315, p. 14-15, 2015.